| 000 | 00336nam a22001337a 4500 | ||
|---|---|---|---|
| 008 | 170220b xxu||||| |||| 00| 0 eng d | ||
| 020 | _a9781563636622 | ||
| 041 | _aeng | ||
| 080 |
_229TH _a615 |
||
| 100 | _a5 | ||
| 101 | _aSHF | ||
| 245 |
_aPDR FOR NONPRESCRIPTION DRUGS, DIETARY SUPPLEMENTS, AND HERBS _cSANBORN, K.D |
||
| 942 |
_2udc _cBK |
||
| 999 |
_c5860 _d5860 |
||